[Event "POL-chT3"]
[Site "Jastrzebia Gora POL"]
[Date "2016.09.07"]
[Round "5.15"]
[White "Lizak, Jakub"]
[Black "Zielinski, Wojciech"]
[Result "1-0"]
[WhiteElo "2146"]
[BlackElo "2136"]
[EventDate "2016.09.02"]

1.e4 e6 2.d4 d5 3.Nc3 dxe4 4.Nxe4 Nd7 5.Nf3 Ngf6 6.Bd3 Nxe4 7.Bxe4 Nf6 8.
Bg5 Be7 9.Bxf6 Bxf6 10.Qd3 Qd6 11.O-O-O Bd7 12.Ne5 Bxe5 13.dxe5 Qxd3 14.
Rxd3 O-O-O 15.Rhd1 Bc6 16.Rxd8+ Rxd8 17.Rxd8+ Kxd8 18.Bxc6 bxc6 19.Kd2 c5 
20.Kc3 Kd7 21.Kc4 Kc6 22.f4 Kb6 23.a4 a5 24.c3 Kc6 25.g4 h6 26.h4 g6 27.h5
gxh5 28.gxh5 Kb6 29.b4 cxb4 30.cxb4 Ka6 31.bxa5 Kxa5 32.Kc5 Kxa4 33.Kc6 
Kb4 34.Kxc7 Kc5 35.Kd7 1-0

[Event "POL-chT3"]
[Site "Jastrzebia Gora POL"]
[Date "2016.09.07"]
[Round "5.16"]
[White "Grzelak, Artur"]
[Black "Duda, Lukasz"]
[Result "1/2-1/2"]
[WhiteElo "2141"]
[BlackElo "2200"]
[EventDate "2016.09.02"]

1.d4 d5 2.Nf3 Nf6 3.Bf4 c5 4.e3 Nc6 5.Nc3 Bg4 6.Be2 e6 7.O-O Bxf3 8.Bxf3 
cxd4 9.exd4 Bd6 10.Be3 O-O 11.Ne2 Rc8 12.c3 b5 13.b4 e5 14.g3 e4 15.Bg2 a5
16.a4 axb4 17.axb5 Na5 18.Qa4 Nc4 19.Bh3 Ra8 20.Qxa8 Qxa8 21.Rxa8 Rxa8 22.
cxb4 h6 23.Rb1 Kf8 24.Bc1 Ra4 25.Nc3 Rxb4 26.Rxb4 Bxb4 27.Na4 Ba5 28.Bf1 
Ke7 29.Nc5 Bb6 30.Kg2 Nd7 31.Bxc4 dxc4 32.Ba3 Kd6 1/2-1/2

[Event "POL-chT3"]
[Site "Jastrzebia Gora POL"]
[Date "2016.09.07"]
[Round "5.17"]
[White "Gola, Karol"]
[Black "Fengier, Winicjusz"]
[Result "1-0"]
[WhiteElo "2191"]
[BlackElo "2054"]
[EventDate "2016.09.02"]

1.e4 e5 2.Nf3 d6 3.d4 Nd7 4.Bc4 c6 5.dxe5 dxe5 6.Ng5 Nh6 7.O-O Be7 8.Ne6 
fxe6 9.Bxh6 Nb6 10.Qh5+ g6 11.Qe2 Qd4 12.Bb3 Qxb2 13.Nd2 Qc3 14.Nf3 Bf6 
15.Ng5 Ke7 16.Rad1 Bd7 17.Qg4 Nd5 18.exd5 exd5 19.Qe2 Rae8 20.Qe3 Qb4 21.
c3 Qb6 22.Qg3 Bf5 23.Rfe1 Qc7 24.c4 dxc4 25.Bxc4 Rd8 26.Rxd8 Rxd8 27.Nxh7 
Qa5 28.Qe3 Rd4 29.Nxf6 Rxc4 30.Bg5 Ke6 31.f4 Rc5 32.Qb3+ Rd5 33.Rxe5+ Kd6 
34.Ne8+ Kc5 35.Be7+ Kd4 36.Qe3+ Kc4 37.Nd6+ 1-0

[Event "POL-chT3"]
[Site "Jastrzebia Gora POL"]
[Date "2016.09.07"]
[Round "5.18"]
[White "Jedrocha, Katarzyna"]
[Black "Szydlowska-duda, Marta"]
[Result "0-1"]
[WhiteElo "1893"]
[BlackElo "2002"]
[EventDate "2016.09.02"]

1.e4 d5 2.exd5 Qxd5 3.Nf3 Nf6 4.d4 Bg4 5.Be2 Nc6 6.O-O O-O-O 7.Be3 e6 8.c4
Qd6 9.Nbd2 Be7 10.a3 Bxf3 11.Nxf3 Ng4 12.Qd2 Bf6 13.Rad1 h5 14.b4 Ne7 15.
b5 Nf5 16.Bf4 e5 17.Qc2 exf4 18.Qxf5+ Kb8 19.c5 Qd5 20.Qxd5 Rxd5 21.Bc4 
Rd7 22.h3 Nh6 23.d5 g5 24.Rfe1 g4 25.Ne5 Re7 26.Nd3 g3 27.Rxe7 Bxe7 28.
fxg3 fxg3 29.Re1 Bf6 30.Re4 Kc8 31.Ne1 Bb2 32.a4 Nf5 33.Nf3 Ba3 34.c6 Bc5+
35.Kf1 Ne3+ 36.Ke2 Nxg2 37.d6 Bxd6 38.Bxf7 Nf4+ 39.Ke3 Nxh3 40.Be6+ Kb8 
41.Bxh3 bxc6 42.bxc6 a5 43.Ne5 Rg8 44.Kf3 Ka7 45.Nd3 g2 46.Bxg2 Rg3+ 47.
Kf2 Rxd3 48.Ke2 Ra3 49.Rc4 Bb4 50.Rh4 Rxa4 51.Rxh5 Ra2+ 52.Kf1 Kb6 53.Bd5 
Rc2 54.Rh4 Rb2 55.Rc4 a4 56.Rc1 a3 57.Ra1 Kc5 58.Be4 Kd4 59.Bg6 a2 60.Kg1 
Bc3 61.Kf1 Rd2 0-1

[Event "POL-chT3"]
[Site "Jastrzebia Gora POL"]
[Date "2016.09.07"]
[Round "5.19"]
[White "Sopur, Lech"]
[Black "Stanach, Fabian"]
[Result "1-0"]
[WhiteElo "2404"]
[BlackElo "2062"]
[EventDate "2016.09.02"]

1.Nf3 c5 2.c4 Nf6 3.Nc3 b6 4.e3 e6 5.d4 Be7 6.d5 d6 7.g4 O-O 8.Rg1 Bb7 9.
g5 Ne8 10.b3 Nc7 11.Bb2 b5 12.Bd3 g6 13.Ne4 Nd7 14.dxe6 Nxe6 15.Qc2 b4 16.
O-O-O Rc8 17.Kb1 Re8 18.h4 Ng7 19.Nh2 Ne5 20.Bxe5 dxe5 21.Ng4 Bxe4 22.Bxe4
Qc7 23.Nh6+ Kf8 24.Rg3 Nh5 25.Rf3 f5 26.Bxf5 e4 27.Bxe4+ Kg7 28.Rf7+ Kh8 
29.Qb2+ Bf6 30.gxf6 Qb6 31.Rdd7 1-0

[Event "POL-chT3"]
[Site "Jastrzebia Gora POL"]
[Date "2016.09.07"]
[Round "5.20"]
[White "Kudas, Damian"]
[Black "Lewtak, Damian"]
[Result "0-1"]
[WhiteElo "2135"]
[BlackElo "2333"]
[EventDate "2016.09.02"]

1.d4 d5 2.c4 c6 3.cxd5 cxd5 4.Nf3 Nc6 5.Nc3 Nf6 6.Bf4 e6 7.e3 Nh5 8.Bg5 
Qb6 9.Qc2 h6 10.Bh4 g5 11.Bg3 Nxg3 12.hxg3 Bg7 13.a3 Bd7 14.Bd3 Qd8 15.b4 
Rc8 16.Rc1 g4 17.Nd2 Nxd4 18.exd4 Bxd4 19.Qb2 Qf6 20.Ndb1 h5 21.Qd2 h4 22.
Qf4 Rxc3 23.Nxc3 Bxc3+ 24.Ke2 Qxf4 25.gxf4 d4 26.f3 Bc6 27.Be4 Bb5+ 28.Bd3
gxf3+ 29.gxf3 Bc6 30.Be4 Kd7 31.Rh2 a5 32.Bxc6+ Kxc6 33.bxa5 Rh5 34.a4 
Rxa5 35.Rxh4 Rxa4 36.Rh7 Kd5 37.Kd3 Ra3 38.Rb1 Bb4+ 39.Kc2 d3+ 40.Kd1 Bc3 
41.Rxf7 Ra2 42.Rfxb7 Rh2 43.Rd7+ Kc4 44.Rc7+ Kd4 45.Rxc3 Kxc3 46.Rc1+ Kd4 
47.Rc6 e5 48.Re6 exf4 49.Re8 Rf2 50.Ke1 Re2+ 51.Rxe2 dxe2 52.Kxe2 Kc3 53.
Kf2 Kd3 54.Kf1 Ke3 55.Kg2 Ke2 56.Kg1 Kxf3 57.Kf1 Kg3 58.Ke1 0-1

[Event "POL-chT3"]
[Site "Jastrzebia Gora POL"]
[Date "2016.09.07"]
[Round "5.21"]
[White "Orzech, Dominik"]
[Black "Adamowicz, Katarzyna"]
[Result "1-0"]
[WhiteElo "2378"]
[BlackElo "2173"]
[EventDate "2016.09.02"]

1.d4 d5 2.Nf3 Nf6 3.c4 e6 4.Nc3 c6 5.Bg5 h6 6.Bxf6 Qxf6 7.e3 g6 8.Bd3 Bg7 
9.O-O dxc4 10.Bxc4 Nd7 11.e4 e5 12.d5 Nb6 13.Bb3 O-O 14.Rc1 Bd7 15.Qe2 
Rac8 16.Rfd1 Rfd8 17.a4 a5 18.h3 g5 19.Nd2 Qg6 20.Qe3 c5 21.Nc4 Nxc4 22.
Bxc4 h5 23.Bb5 g4 24.Bxd7 Rxd7 25.Qg3 Bh6 26.Qxe5 gxh3 27.Qh2 Bxc1 28.Qxh3
Bxb2 29.Qxd7 Qg4 30.Qxb7 Bxc3 31.f3 Qg3 32.Qxc8+ Kg7 33.Qh3 Bd4+ 34.Rxd4 
Qe1+ 35.Kh2 cxd4 36.Qg3+ Qxg3+ 37.Kxg3 f6 38.Kf2 1-0

[Event "POL-chT3"]
[Site "Jastrzebia Gora POL"]
[Date "2016.09.07"]
[Round "5.22"]
[White "Lach, Piotr"]
[Black "Kowalczyk, Rafal"]
[Result "1-0"]
[WhiteElo "2135"]
[BlackElo "2241"]
[EventDate "2016.09.02"]

1.e4 e5 2.Nf3 Nc6 3.Bc4 Bc5 4.c3 Nf6 5.d4 exd4 6.cxd4 Bb4+ 7.Bd2 Bxd2+ 8.
Nbxd2 d5 9.exd5 Nxd5 10.Qb3 Nce7 11.O-O O-O 12.Rfe1 c6 13.Ne4 Qb6 14.Nc3 
Be6 15.Qxb6 axb6 16.Ng5 Bd7 17.Bxd5 Nxd5 18.Nxd5 cxd5 19.Re7 Bc6 20.Nf3 f6
21.a3 Rf7 22.Re3 Kf8 23.Kf1 Rc7 24.Ke1 Ba4 25.Rc3 Rxc3 26.bxc3 Bb5 27.Kd2 
Ke7 28.Ne1 g5 29.Rb1 Ra5 30.Nc2 Kd6 31.f3 Kc7 32.h4 Be8 33.Re1 Kd7 34.hxg5
fxg5 35.Re5 h6 36.Ne3 Bf7 37.Nf5 Be6 38.Nxh6 Rxa3 39.Rxg5 Ra2+ 40.Ke3 Ra3 
41.Rg7+ Kd6 42.Kd2 Ra2+ 43.Kd3 b5 44.g4 b4 45.cxb4 Ra3+ 46.Ke2 Ra2+ 47.Ke3
Ra3+ 48.Kf4 Rd3 49.Rxb7 Rxd4+ 50.Kg5 Ke5 51.Rb6 Rc4 52.f4+ 1-0

[Event "POL-chT3"]
[Site "Jastrzebia Gora POL"]
[Date "2016.09.07"]
[Round "5.23"]
[White "Rawicz, Karol"]
[Black "Watorek, Marcin"]
[Result "0-1"]
[WhiteElo "2216"]
[BlackElo "2111"]
[EventDate "2016.09.02"]

1.d4 Nf6 2.c4 e6 3.Nc3 c5 4.d5 exd5 5.cxd5 d6 6.e4 g6 7.Nf3 a6 8.h3 Bg7 9.
a4 Nbd7 10.Bd3 Nh5 11.O-O Ne5 12.Be2 Nxf3+ 13.Bxf3 Qh4 14.Be3 Be5 15.Qd2 
Nf4 16.g3 Nxh3+ 17.Kg2 Qf6 18.Be2 g5 19.Rh1 Nf4+ 0-1

[Event "POL-chT3"]
[Site "Jastrzebia Gora POL"]
[Date "2016.09.07"]
[Round "5.24"]
[White "Chrzaszcz, Malvina"]
[Black "Sliwicka, Alicja"]
[Result "0-1"]
[WhiteElo "2050"]
[BlackElo "2092"]
[EventDate "2016.09.02"]

1.e4 c5 2.g3 g6 3.Bg2 Bg7 4.d3 Nc6 5.f4 e6 6.Nc3 Nge7 7.Nf3 O-O 8.O-O d5 
9.Kh1 a6 10.a4 Rb8 11.Ne2 b5 12.axb5 axb5 13.c3 Na5 14.e5 b4 15.Be3 bxc3 
16.bxc3 c4 17.d4 Nb3 18.Rb1 Nf5 19.Bc1 h5 20.h3 Ra8 21.g4 hxg4 22.hxg4 Nh6
23.g5 Nf5 24.Bh3 Re8 25.Bxf5 exf5 26.Kg2 Ra2 27.Rb2 Ra1 28.Qc2 Qa5 29.Nd2 
Ba6 30.Rh1 Bb5 31.Rb1 Rxb1 32.Nxb1 Bf8 33.Ng3 Ra8 34.Nxf5 Qa1 35.Na3 Nxc1 
36.Rxc1 Qxa3 37.Ne3 Qa2 38.Kg3 Qxc2 39.Rxc2 Bc6 40.Ng4 Ba3 41.Nf6+ Kf8 42.
f5 gxf5 43.Kf4 Ke7 44.Kxf5 Rb8 45.Rh2 Rb2 46.Rh8 Rb1 47.Ng8+ Kd7 48.Nf6+ 
Kc7 49.Rh7 Rf1+ 50.Kg4 Bd7+ 51.Nxd7 Kxd7 52.g6 Ke6 53.gxf7 Rxf7 54.Rh6+ 
Ke7 55.Ra6 Bb2 56.Ra7+ Kf8 57.Ra8+ Kg7 58.Rd8 Bxc3 59.Rxd5 Rc7 60.Kf5 Bb4 
61.Rd8 c3 62.Ra8 c2 63.Ra1 c1=Q 64.Rxc1 Rxc1 65.d5 Kf7 0-1

[Event "POL-chT3"]
[Site "Jastrzebia Gora POL"]
[Date "2016.09.07"]
[Round "5.25"]
[White "Brzezinski, Mateusz"]
[Black "Gajek, Radoslaw"]
[Result "1/2-1/2"]
[WhiteElo "2144"]
[BlackElo "2439"]
[EventDate "2016.09.02"]

1.d4 Nf6 2.c4 e6 3.Nc3 Bb4 4.Bg5 c5 5.d5 exd5 6.cxd5 O-O 7.e3 d6 8.Bd3 b5 
9.Ne2 a6 10.O-O Nbd7 11.a4 bxa4 12.Ne4 h6 13.Bh4 Bb7 14.Nxd6 Bxd5 15.Bc4 
Bxc4 16.Nxc4 Qe7 17.Qc2 Ne5 18.Nb6 Rad8 19.Rfd1 Rxd1+ 20.Rxd1 Rd8 21.Qxa4 
g5 22.Bg3 Nd3 23.Nc4 Ne4 24.Qc2 Nxg3 25.Nxg3 Ne1 26.Nf5 Qf6 27.Rxd8+ Qxd8 
28.Nxh6+ Kg7 29.Nf5+ Kh7 30.Qe4 Qd1 31.Ng3+ Kh6 32.Nf1 Nd3 33.Ne5 Nxe5 34.
Qxe5 Kg6 35.Qe4+ Kg7 36.Qe5+ Kg6 37.h4 gxh4 38.Qe4+ f5 39.Qe6+ Kg7 40.Qe5+
Kg6 41.Qe6+ Kg7 42.Qxa6 Qg4 43.Qb7+ Kf6 44.Qb6+ Ke5 45.Qc7+ Kd5 46.Qf7+ 
Kc6 47.Qe8+ Kb6 48.Qd8+ Kb5 49.Qd3+ Ka4 50.f3 Qg7 51.Nd2 Bxd2 52.Qc2+ Kb5 
53.Qxd2 h3 54.Qe2+ Kb4 55.e4 fxe4 56.fxe4 Qd4+ 57.Kh2 hxg2 58.Kxg2 Kb3 59.
e5 Qxb2 60.Qxb2+ Kxb2 61.e6 c4 62.e7 c3 63.e8=Q c2 64.Qe2 Kb1 65.Qd3 Kb2 
66.Qd2 Kb1 67.Qb4+ Ka2 68.Qc3 Kb1 69.Qb3+ Ka1 70.Qc3+ Kb1 71.Qxc2+ Kxc2 
1/2-1/2

[Event "POL-chT3"]
[Site "Jastrzebia Gora POL"]
[Date "2016.09.07"]
[Round "5.26"]
[White "Karpus, Michal"]
[Black "Gralka, Przemyslaw"]
[Result "1/2-1/2"]
[WhiteElo "2254"]
[BlackElo "2283"]
[EventDate "2016.09.02"]

1.e4 c6 2.d4 d5 3.Nc3 dxe4 4.Nxe4 Bf5 5.Ng3 Bg6 6.h4 h6 7.Nf3 Nd7 8.h5 Bh7
9.Bd3 Bxd3 10.Qxd3 Qc7 11.Bd2 e6 12.O-O-O Ngf6 13.Ne4 O-O-O 14.g3 Nxe4 15.
Qxe4 Nf6 16.Qe2 Bd6 17.c4 c5 18.Bc3 cxd4 19.Nxd4 a6 20.Kb1 Kb8 21.Nb3 Ka7 
22.Rc1 Qc6 23.Rh4 Bc7 24.c5 Qd5 25.Ka1 e5 26.c6 b6 27.Bd2 Qd3 28.Qe1 Rhe8 
29.Be3 Re6 30.Rb4 Nd5 31.Rg4 Nxe3 32.fxe3 g5 33.hxg6 fxg6 34.Rh4 h5 35.g4 
hxg4 36.Rxg4 Rdd6 37.Rgc4 Rf6 38.Qh1 Qd5 39.Qh7 Qf7 40.Qh1 Rf2 41.Rh4 Qe8 
42.Rh7 Rf7 43.Rh8 Qe6 44.Rg8 Rf1 45.Rxf1 Qxg8 46.Qe4 Qd5 47.Qg4 Rxc6 48.e4
Qc4 49.Rg1 Qc2 50.Qf3 Rc4 51.Re1 a5 52.a3 a4 53.Nc1 Qd2 54.Nd3 Rd4 55.Rd1 
Qc2 56.Rc1 Rxd3 57.Rxc2 Rxf3 58.Rxc7+ Ka6 59.Re7 Kb5 60.Rxe5+ Kc4 61.Re6 
b5 62.Rxg6 Kb3 63.Rg1 Re3 1/2-1/2

[Event "POL-chT3"]
[Site "Jastrzebia Gora POL"]
[Date "2016.09.07"]
[Round "5.27"]
[White "Stoppel, Mariusz"]
[Black "Krainski, Aleksander"]
[Result "0-1"]
[WhiteElo "2039"]
[BlackElo "2170"]
[EventDate "2016.09.02"]

1.e4 e5 2.Nf3 Nc6 3.Bb5 a6 4.Ba4 Nf6 5.d4 exd4 6.O-O Be7 7.Re1 b5 8.e5 Ne4
9.Bb3 Nc5 10.Bd5 Ne6 11.c3 dxc3 12.Nxc3 O-O 13.a4 Rb8 14.axb5 axb5 15.Be3 
Nb4 16.Ba7 Nxd5 17.Qxd5 Rb7 18.Ne4 c6 19.Qd2 b4 20.Rec1 Rb5 21.Qe3 Bb7 22.
Bc5 Nxc5 23.Nxc5 Qb6 24.Nxd7 Qxe3 25.fxe3 Rd8 26.Rd1 c5 27.e6 fxe6 28.Nde5
Bd5 29.Ra7 Bf6 30.Ng4 Rbb8 31.Nxf6+ gxf6 32.Rc1 Rdc8 33.Nd2 c4 34.Nf3 c3 
35.bxc3 b3 36.Nd2 b2 37.Rf1 f5 38.e4 Bxe4 39.Nb1 Bxb1 40.Rxb1 Rxc3 0-1

[Event "POL-chT3"]
[Site "Jastrzebia Gora POL"]
[Date "2016.09.07"]
[Round "5.28"]
[White "Karbowiak, Adam"]
[Black "Wisniewski, Adam"]
[Result "1/2-1/2"]
[WhiteElo "2114"]
[BlackElo "1915"]
[EventDate "2016.09.02"]

1.Nf3 Nf6 2.g3 g6 3.b4 Bg7 4.Bb2 O-O 5.c4 d6 6.Bg2 e5 7.d3 Nc6 8.b5 Ne7 9.
O-O h6 10.Nbd2 Be6 11.Qc2 Qd7 12.Rfd1 Bh3 13.Bh1 Ng4 14.d4 exd4 15.Bxd4 
Qf5 16.Qxf5 Nxf5 17.Bxg7 Kxg7 18.Ne4 Nf6 19.Nd4 Nxd4 20.Rxd4 Nxe4 21.Bxe4 
Rae8 22.Re1 Bc8 23.Bf3 Re5 24.Red1 Rfe8 25.R1d3 a6 26.a4 Rc5 27.e3 axb5 
28.cxb5 b6 29.Bc6 Re7 30.Bd5 Bf5 31.Rd2 Bh3 32.Rc4 Rxc4 33.Bxc4 Re4 34.Rc2
Re5 35.Bf1 Bxf1 36.Kxf1 Re7 37.Ke2 Kf6 38.h4 Ke6 39.Kd3 f5 40.e4 fxe4+ 41.
Kxe4 Kd7+ 42.Kd4 Re1 43.Ra2 Rc1 44.Rb2 Ra1 45.Rb4 Rd1+ 46.Ke3 Re1+ 47.Kd2 
Re6 48.Rf4 Ke7 49.Rc4 Kd7 50.Rf4 Ke7 51.Rc4 1/2-1/2

[Event "POL-chT3"]
[Site "Jastrzebia Gora POL"]
[Date "2016.09.07"]
[Round "5.29"]
[White "Wisniewski, Szymon"]
[Black "Sciborowski, Miroslaw"]
[Result "0-1"]
[WhiteElo "1673"]
[BlackElo "2010"]
[EventDate "2016.09.02"]

1.Nf3 Nf6 2.g3 g6 3.Bg2 Bg7 4.O-O O-O 5.d3 d6 6.c4 c6 7.Nc3 a6 8.Qc2 Nbd7 
9.Rb1 Rb8 10.b4 b5 11.Nd4 Bb7 12.Nxc6 Bxc6 13.Bxc6 bxc4 14.Bxd7 cxd3 15.
Qxd3 Qxd7 16.Bd2 d5 17.Rfc1 Qh3 18.Qf3 Rfd8 19.Bg5 Ng4 20.Qg2 Qh5 21.Bxe7 
Rd7 22.Bc5 d4 23.Ne4 Qd5 24.h3 Ne5 25.f4 Nc4 26.Nf6+ Bxf6 27.Qxd5 Rxd5 28.
Rxc4 d3 29.e4 Rxc5 30.Rxc5 Bd4+ 31.Kf1 Bxc5 32.a3 Be3 33.Kg2 Rc8 34.Rd1 
Rc3 35.Kf3 Bc1 0-1

[Event "POL-chT3"]
[Site "Jastrzebia Gora POL"]
[Date "2016.09.07"]
[Round "5.30"]
[White "Pacuszka, Wioletta"]
[Black "Mackiewicz, Anna"]
[Result "1/2-1/2"]
[WhiteElo "1923"]
[BlackElo "1943"]
[EventDate "2016.09.02"]

1.e4 c5 2.Nf3 e6 3.d4 cxd4 4.Nxd4 a6 5.Be2 Qc7 6.Nc3 Bb4 7.Bd2 Nf6 8.Bf3 
Nc6 9.Nxc6 bxc6 10.O-O Bd6 11.h3 O-O 12.Re1 Bh2+ 13.Kh1 Be5 14.Be3 Rb8 15.
Rb1 d5 16.Bd4 Bxd4 17.Qxd4 e5 18.Qd1 d4 19.Na4 Qa5 20.b3 Be6 21.Qd3 Rfd8 
22.Nb2 Qb5 23.a4 Qc5 24.Bd1 a5 25.Bf3 Ne8 26.Qd2 f6 27.Be2 Nd6 28.Bd3 Qb4 
29.Qxb4 Rxb4 30.Bf1 Rb6 31.Nd3 Nb7 32.f4 exf4 33.Nxf4 Bf7 34.e5 fxe5 35.
Rxe5 Re8 36.Rbe1 Nd6 37.Nd3 Rxe5 38.Rxe5 Nb7 39.Nc5 Bd5 40.Nxb7 Rxb7 41.
Bd3 Kf7 42.Kg1 g6 43.Be4 Kf6 44.Re8 Bxe4 45.Rxe4 d3 46.cxd3 Rxb3 47.Rc4 
Rxd3 1/2-1/2

[Event "POL-chT3"]
[Site "Jastrzebia Gora POL"]
[Date "2016.09.07"]
[Round "5.31"]
[White "Garbowski, Jakub"]
[Black "Steczek, Marcin"]
[Result "1/2-1/2"]
[WhiteElo "2030"]
[BlackElo "2370"]
[EventDate "2016.09.02"]

1.e4 e6 2.d4 d5 3.Nd2 Be7 4.Ngf3 b6 5.Bd3 Nf6 6.e5 Nfd7 7.O-O c5 8.c3 Bb7 
9.Re1 Nc6 10.Nf1 cxd4 11.cxd4 Nb4 12.Bb1 Ba6 13.Ne3 Qc8 14.a3 Nc6 15.b3 
Qb7 16.Bb2 b5 17.Nd2 b4 18.a4 O-O-O 19.Nf3 Kb8 20.Bd3 Na5 21.Qe2 Bxd3 22.
Qxd3 Rc8 23.Rac1 g6 24.Nd2 Rxc1 25.Rxc1 Rc8 26.f4 Rxc1+ 27.Bxc1 h5 28.g3 
Kc7 29.Kf2 Nb8 30.Ke2 Kd7 31.Kd1 Qa6 32.Qxa6 Nxa6 33.Kc2 Nb8 34.Nf3 Nbc6 
35.Kb2 Nb7 1/2-1/2

[Event "POL-chT3"]
[Site "Jastrzebia Gora POL"]
[Date "2016.09.07"]
[Round "5.32"]
[White "Smagalski, Slawomir"]
[Black "Siedlinski, Piotr"]
[Result "1/2-1/2"]
[WhiteElo "1943"]
[BlackElo "2107"]
[EventDate "2016.09.02"]

1.Nf3 d5 2.c4 e6 3.g3 c6 4.Qc2 f5 5.Bg2 Nf6 6.b3 Bd6 7.Bb2 O-O 8.O-O Qe7 
9.d4 Nbd7 10.e3 Ne4 11.a3 g5 12.Nbd2 h5 13.Ne5 Qh7 14.Nxe4 dxe4 15.b4 h4 
16.Rfe1 Nf6 17.Rad1 Bd7 18.Nxd7 Qxd7 19.d5 hxg3 20.hxg3 exd5 21.Bxf6 Rxf6 
22.cxd5 Rc8 23.Qb2 Qe7 24.dxc6 Rxc6 25.Rd5 Bc7 26.Red1 Rcd6 27.Qd4 Qf7 28.
Bf1 Rxd5 29.Qxd5 Rd6 30.Qxf7+ Kxf7 31.Rc1 Bb6 1/2-1/2

[Event "POL-chT3"]
[Site "Jastrzebia Gora POL"]
[Date "2016.09.07"]
[Round "5.33"]
[White "Rosicki, Marcin"]
[Black "Meczynski, Waldemar"]
[Result "1-0"]
[WhiteElo "1887"]
[BlackElo "2032"]
[EventDate "2016.09.02"]

1.e4 c5 2.Nf3 Nc6 3.d4 cxd4 4.Nxd4 Nf6 5.Nc3 e5 6.Ndb5 d6 7.Bg5 a6 8.Na3 
b5 9.Bxf6 gxf6 10.Nd5 Bg7 11.Bd3 Ne7 12.Nxe7 Qxe7 13.O-O f5 14.c4 Bb7 15.
cxb5 fxe4 16.bxa6 exd3 17.axb7 Qxb7 18.Nc4 O-O 19.Qxd3 Rfd8 20.Qg3 d5 21.
Ne3 Qxb2 22.Rab1 Qa3 23.Rb3 Qd6 24.Nf5 Qf8 25.Qh4 Ra6 26.Rh3 h6 27.Rg3 Rg6
28.Ne7+ Kh7 29.Nxg6 fxg6 30.Rb1 Rb8 31.Rxb8 Qxb8 32.Rb3 Qc7 33.g3 e4 34.
Qf4 Qc6 35.Qf7 e3 36.Rxe3 d4 37.Re7 Qc1+ 38.Kg2 Qc6+ 39.Kh3 1-0

[Event "POL-chT3"]
[Site "Jastrzebia Gora POL"]
[Date "2016.09.07"]
[Round "5.34"]
[White "Walaszczyk, Witold"]
[Black "Guzik, Jolanta"]
[Result "1-0"]
[WhiteElo "2088"]
[BlackElo "1990"]
[EventDate "2016.09.02"]

1.d4 d5 2.Nf3 e6 3.g3 f5 4.Bg2 Nf6 5.O-O Bd6 6.c4 c6 7.Nc3 Nbd7 8.Qc2 Ne4 
9.Nxe4 dxe4 10.Ng5 Qf6 11.Be3 h6 12.Nh3 e5 13.Rad1 O-O 14.f3 exf3 15.exf3 
Re8 16.c5 Bc7 17.b4 Nf8 18.b5 Ne6 19.dxe5 Bxe5 20.f4 Bd4 21.Bxd4 Nxd4 22.
Qc4+ 1-0

[Event "POL-chT3"]
[Site "Jastrzebia Gora POL"]
[Date "2016.09.07"]
[Round "5.35"]
[White "Korcz, Daniel"]
[Black "Smagalski, Jaroslaw"]
[Result "1-0"]
[WhiteElo "1784"]
[BlackElo "1881"]
[EventDate "2016.09.02"]

1.e4 Nc6 2.d4 d5 3.e5 Bf5 4.Nf3 Qd7 5.Bd3 f6 6.O-O O-O-O 7.c3 h5 8.b4 Nh6 
9.a4 Be4 10.b5 Na5 11.Bxe4 dxe4 12.Nfd2 f5 13.Na3 e6 14.Nac4 Nxc4 15.Nxc4 
Be7 16.Qb3 Kb8 17.a5 Rc8 18.b6 cxb6 19.Nxb6 Qc6 20.Nxc8 Rxc8 21.a6 b6 22.
Bd2 g5 23.Rfc1 f4 24.c4 Nf5 25.d5 Qc5 26.d6 Nd4 27.Qd1 Bd8 28.Bc3 Nf5 29.
Qe2 Qc6 30.Bb2 Nh4 31.Qf1 f3 32.g3 Ng2 33.Bd4 Ka8 34.c5 b5 35.Rcb1 Rb8 36.
Rb4 h4 37.Rab1 hxg3 38.hxg3 e3 39.fxe3 Ba5 40.Rxb5 f2+ 41.Qxf2 Rh8 42.Qxg2
1-0

[Event "POL-chT3"]
[Site "Jastrzebia Gora POL"]
[Date "2016.09.07"]
[Round "5.36"]
[White "Bukowska, Katarzyna"]
[Black "Pluta, Natalia"]
[Result "1-0"]
[WhiteElo "1887"]
[BlackElo "1623"]
[EventDate "2016.09.02"]

1.e4 c5 2.Nf3 d6 3.d4 cxd4 4.Nxd4 Nf6 5.Nc3 g6 6.Be2 Bg7 7.O-O O-O 8.Nb3 
Nc6 9.Bg5 Be6 10.Kh1 Rc8 11.f4 Qd7 12.Bd3 Nb4 13.Bb5 Qc7 14.a3 Na6 15.Bd3 
Bc4 16.Nd2 Bxd3 17.cxd3 Qd7 18.Nc4 b5 19.Ne3 h6 20.Bxf6 Bxf6 21.Ned5 Bxc3 
22.Nxc3 Nc7 23.f5 d5 24.Qf3 d4 25.Ne2 e5 26.Qh3 gxf5 27.Qxh6 Qe6 28.Qg5+ 
Qg6 29.Rxf5 Qxg5 30.Rxg5+ Kh7 31.Rxe5 Rfd8 32.Rf1 Kg7 33.Re7 Rf8 34.Nxd4 
Kg6 35.h3 a6 36.Nc6 Ne6 37.Ne5+ Kh5 38.Rf5+ Kh4 39.Kh2 Ng5 40.Nxf7 Rxf7 
41.Rfxf7 Nxf7 42.Rxf7 Rc2 43.Rf6 a5 44.b4 a4 45.Rf4+ Kg5 46.Rf5+ Kh4 47.
Rxb5 Rxg2+ 48.Kh1 Ra2 49.Rd5 Kxh3 50.Kg1 Kg3 51.Kf1 Rxa3 52.Ke2 Rb3 53.Rb5
a3 54.Ra5 Kf4 55.Kd2 Rxb4 56.Rxa3 Ke5 57.Ra5+ Ke6 58.Ke3 Rb1 59.Rc5 Kd6 
60.Kd4 Rd1 61.Ra5 Rh1 62.Ra6+ Kd7 63.Kd5 Rh5+ 64.e5 Rg5 65.d4 Rg1 66.Ra7+ 
Ke8 67.Kd6 Rd1 68.d5 1-0

[Event "POL-chT3"]
[Site "Jastrzebia Gora POL"]
[Date "2016.09.07"]
[Round "5.37"]
[White "Winiarski, Mikolaj"]
[Black "Shkapenko, Pavel"]
[Result "1/2-1/2"]
[WhiteElo "2300"]
[BlackElo "2418"]
[EventDate "2016.09.02"]

1.e4 Nf6 2.e5 Nd5 3.d4 d6 4.Nf3 dxe5 5.Nxe5 c6 6.Be2 Bf5 7.O-O Nd7 8.Nf3 
e6 9.c4 N5f6 10.Nc3 Ne4 11.Bd3 Nxc3 12.bxc3 Bxd3 13.Qxd3 Be7 14.Bf4 O-O 
15.Rfe1 Rc8 16.Rab1 b6 17.Ne5 Nxe5 18.Bxe5 Bd6 19.Qg3 Bxe5 20.Qxe5 Qc7 21.
a4 Rfd8 22.g3 h6 23.a5 c5 24.axb6 axb6 25.d5 Qxe5 26.Rxe5 Rd6 27.Rbe1 exd5
28.cxd5 c4 29.Re8+ Rxe8 30.Rxe8+ Kh7 31.Rc8 Rxd5 1/2-1/2

[Event "POL-chT3"]
[Site "Jastrzebia Gora POL"]
[Date "2016.09.07"]
[Round "5.38"]
[White "Bartel, Michal"]
[Black "Rozycki, Bartlomiej"]
[Result "1-0"]
[WhiteElo "2375"]
[BlackElo "2140"]
[EventDate "2016.09.02"]

1.e4 e6 2.d4 d5 3.Nc3 Bb4 4.Qd3 dxe4 5.Qxe4 Nf6 6.Qh4 b6 7.Nf3 Bb7 8.Bb5+ 
Bc6 9.Bd3 Nd5 10.Qxd8+ Kxd8 11.Bd2 Nxc3 12.bxc3 Bd6 13.Ng5 Ke7 14.O-O Nd7 
15.f4 g6 16.Rae1 h6 17.Ne4 f5 18.Nxd6 cxd6 19.c4 Kf7 20.Bb4 Nf6 21.Bxd6 
Ne4 22.Be5 Rhd8 23.Ra1 g5 24.fxg5 hxg5 25.d5 exd5 26.Rxf5+ Ke6 27.Raf1 
dxc4 28.Bxc4+ Bd5 29.Bd3 Rg8 30.Bb2 Rae8 31.g4 Kd6 32.Rd1 Kc6 33.c4 1-0

[Event "POL-chT3"]
[Site "Jastrzebia Gora POL"]
[Date "2016.09.07"]
[Round "5.39"]
[White "Praczukowski, Stanislaw"]
[Black "Mickiewicz, Piotr"]
[Result "1/2-1/2"]
[WhiteElo "2100"]
[BlackElo "2331"]
[EventDate "2016.09.02"]

1.d4 Nf6 2.c4 g6 3.Nc3 Bg7 4.e4 d6 5.Bd3 e5 6.d5 a5 7.Nge2 Na6 8.O-O c6 9.
Bg5 Nc5 10.Rc1 O-O 11.Qd2 cxd5 12.cxd5 Bd7 13.f3 b5 14.Be3 Nxd3 15.Qxd3 
Qb8 16.Rc2 b4 17.Nb1 Bb5 18.Qd2 Qb7 19.Rfc1 Rfc8 20.Rxc8+ Rxc8 21.Rxc8+ 
Qxc8 22.Qc1 Qxc1+ 23.Nxc1 Nd7 24.Nd2 f5 25.Ncb3 a4 26.Na5 Nf6 27.Nc6 fxe4 
28.Nxb4 exf3 29.gxf3 Kf7 30.Ne4 Nxe4 31.fxe4 Bf6 32.Kf2 Bh4+ 33.Kf3 Bc4 
34.Bf2 Bd8 35.a3 h5 36.Nc6 Bc7 37.Bh4 Bb5 38.Bd8 Bxd8 39.Nxd8+ Kf6 40.Nb7 
Ba6 41.Na5 g5 42.b3 g4+ 43.Ke3 h4 44.bxa4 Bf1 45.Kf2 Bd3 46.Nc6 Bxe4 47.
Nb4 Ke7 48.a5 Kd7 49.Kg1 Kc7 50.Kf2 Kb7 51.Kg1 g3 52.hxg3 hxg3 53.Kf1 Bf3 
54.Kg1 g2 55.Kf2 e4 56.Nc2 Ka6 57.Ne3 Kxa5 58.Nxg2 Bxg2 59.Kxg2 Ka4 60.Kf2
Kxa3 61.Ke3 Kb3 62.Kxe4 Kc4 63.Ke3 Kxd5 64.Kd3 Kc5 65.Kc3 d5 66.Kd3 d4 67.
Kd2 Kc4 68.Kc2 d3+ 69.Kd2 Kd4 70.Kd1 Ke4 71.Kd2 Kd4 72.Kd1 Kc3 73.Kc1 d2+ 
74.Kd1 Kd3 1/2-1/2

[Event "POL-chT3"]
[Site "Jastrzebia Gora POL"]
[Date "2016.09.07"]
[Round "5.40"]
[White "Kalinowski, Roman"]
[Black "Chylewski, Patryk"]
[Result "1/2-1/2"]
[WhiteElo "2162"]
[BlackElo "2005"]
[EventDate "2016.09.02"]

1.d4 Nf6 2.Nf3 e6 3.g3 d5 4.Bg2 Be7 5.O-O O-O 6.c4 c6 7.Nc3 dxc4 8.Ne5 c5 
9.dxc5 Bxc5 10.Qa4 Nbd7 11.Nxc4 Qe7 12.Qc2 h6 13.Na4 Nb6 14.Ncxb6 axb6 15.
Nxc5 bxc5 16.Be3 Ra5 17.Rfc1 Nd7 18.b4 cxb4 19.Qc7 Rb5 20.Rab1 Qd8 21.a4 
Ra5 22.Qxd8 Rxd8 23.Rxb4 Ra6 24.Rbc4 Ra8 25.a5 Ne5 26.Rxc8 Rdxc8 27.Rxc8+ 
Rxc8 28.Bxb7 Rc2 29.a6 Nc6 30.Bxc6 Rxc6 31.a7 Ra6 32.f3 h5 33.h4 e5 34.g4 
g6 35.g5 f5 36.gxf6 Kf7 37.Kf2 Kxf6 38.Kg3 Kf5 39.Bf2 e4 40.Bd4 Ra3 41.Bc5
Ra2 42.f4 Ra4 43.e3 Ra2 44.Bd4 Ke6 45.Kh3 Kf5 46.Kg3 Ke6 1/2-1/2

[Event "POL-chT3"]
[Site "Jastrzebia Gora POL"]
[Date "2016.09.07"]
[Round "5.41"]
[White "Kokoszczynski, Jan"]
[Black "Czajkowski, Adam"]
[Result "1-0"]
[WhiteElo "1962"]
[BlackElo "2260"]
[EventDate "2016.09.02"]

1.e4 c5 2.Nf3 e6 3.d4 cxd4 4.Nxd4 Nc6 5.Nc3 Qc7 6.Be3 a6 7.Qd2 Nf6 8.f3 
Be7 9.O-O-O b5 10.Kb1 Bb7 11.g4 Nxd4 12.Bxd4 O-O 13.h4 e5 14.Be3 d5 15.g5 
d4 16.gxf6 dxc3 17.Qd7 Bd8 18.fxg7 Kxg7 19.Rg1+ Kh8 20.Bh6 Qc5 21.Qg4 1-0